DLA GEOMEXA - 20 pytań o geografii. - Statystyki

Ogólne statystyki
  • Ten quiz został rozwiązany 74 razy
  • Średni wynik to 11 z 20
Statystyki odpowiedzi
Informacja Odpowiedź % Poprawnych
Stolica Algierii. 2. Algier
85%
W tym państwie leży ,,Mount Everest". 11. Nepal / Chiny
81%
Mikropaństwo leżące pomiędzy Szwajcarią a Austrią. 14. Liechtenstein
80%
Inna nazwa Holandii. 16. Niderlandy
76%
Najludniejsze państwo w Afryce. 12. Nigeria
76%
W tym państwie znajduję się ,,Machu Picchu". 19. Peru
70%
Największe państwo wyspiarskie. 1. Indonezja
69%
Półwysep zaanektowany przez Rosję w 2014. 8. Półwysep Krymski
69%
Państwo mające zaledwie 2km². 7. Monako
61%
Drugie największe miasto w Holandii. 10. Rotterdam
61%
Azjatycka część Rosji. 6. Syberia
57%
Wyspy leżące pomiędzy Szwecją a Finlandią. 3. Wyspy Aland
50%
Stolica Paragwaju. 20. Asuncion
48%
Największe miasto w Maroko. 4. Casablanca
48%
Hymn Francji wziął swoją nazwę od tego miasta. 15. Marsylia
48%
Główna wyspa Japonii. 18. Honsiu
44%
Północna część skandynawii. 17. Laponia
39%
Państwo, które Polska okupowała od 2003 do 2004. 13. Irak
28%
Stolica Gwinei Równikowej. 9. Malabo
22%
Muzułmańska organizacja zamieszkująca tereny Afganistanu. 5. Taliban
9%
Nie znaleziono quizów pasujących do podanych kryteriów
Rozkład punktacji
Procent ludzi z każdym wynikiem
Percentyl według liczby udzielonych odpowiedzi
Twoja historia wyników
Nie rozwiązałeś tego quizu